000 01307nam0a2200361 4500
001 RU\NLR\bibl\1667152
005 20250616043155.0
010 _a978-5-212-01138-9
_93000
021 _aRU
_b2010-52860
_93478
035 _a(nilc)RSL-KNO-004705695
035 _a(NLR Aleph) 001658425
090 _a966129
_c966129
100 _a20100712d2010 |||y0rusy50 ca
101 0 _arus
102 _aRU
105 _ay zzzz|||||
200 1 _aФормула успеха
_fЕ. А. Шилов
210 _aМосква
_cКомпания "Ялма"
_d2010
215 _a479, [1] с.
_d19
320 _aАвт. указ.: с. 457-472
606 1 _aУспех
_jПопулярные издания
_xСоциально-психологические исследования
_92074287
_3RU\NLR\auth\661249276
606 1 _aФилософия
_xАфоризмы
_92160844
_3RU\NLR\auth\661300448
610 0 _aФилософия -- Сборник цитат, мыслей, афоризмов
686 _aЮ0я48
_2rubbk
686 _aС550.354я9
686 _aЮ0я48
700 1 _aШилов
_bЕ. А.
_gЕвгений Алексеевич
_4070
801 0 _aRU
_bРГБ
_c20100712
_grcr
801 1 _aRU
_bРГБ
_c20100712
801 2 _aRU
_bNLR
_c20100824
_grcr
942 _cBOOK
980 _aNB